[Event "Volga Region-ch (Women) 12th"]
[Site "Togliatti"]
[Date "2014.03.20"]
[Round "7"]
[White "Mukhametgaleeva, Railia"]
[Black "Kozina, Anastasia"]
[Result "1-0"]
[WhiteElo "1987"]
[BlackElo "1854"]
[PlyCount "69"]
[EventDate "2014.03.14"]
[EventType "swiss"]
[EventRounds "9"]
[EventCountry "RUS"]
[SourceTitle "CBM 159 Extra"]
[Source "ChessBase"]
[SourceDate "2014.04.24"]
[SourceVersion "1"]
[SourceVersionDate "2014.04.24"]
[SourceQuality "1"]

1. e4 e5 2. Nf3 Nf6 3. Nc3 Nc6 4. d4 exd4 5. Nxd4 Bb4 6. Nxc6 dxc6 7. Qxd8+ Kxd8 8. Bg5 Be7 9. 0-0-0+ Nd7 10. Bf4 Bc5 11. f3 Bb6 12. Na4 Ke8 13. Nxb6 cxb6 14. Bc7 b5 15. g3 Ke7 16. e5 Nb6 17. Bd6+ Ke8 18. b3 Be6 19. Bd3 a5 20. f4 a4 21. f5 Bd5 22. Rhf1 g6 23. Bc7 Nd7 24. Bxb5 gxf5 25. Bd3 axb3 26. axb3 Be6 27. Kb2 Rc8 28. Bd6 Nb6 29. Bxf5 Nd5 30. Bxe6 fxe6 31. Rf3 Rg8 32. Rdf1 Ne7 33. Bxe7 Kxe7 34. Rf7+ Ke8 35. Rxh7 1-0

[Event "Izhevsk Corporation Cup-A 3rd"]
[Site "Izhevsk"]
[Date "2011.07.24"]
[Round "9"]
[White "Fursov, Dmitriy"]
[Black "Mukhametgaleeva, Railia"]
[Result "1/2-1/2"]
[WhiteElo "2138"]
[BlackElo "1998"]
[PlyCount "118"]
[EventDate "2011.07.15"]
[EventType "swiss"]
[EventRounds "9"]
[EventCountry "RUS"]
[SourceTitle "CBM 143 Extra"]
[Source "ChessBase"]
[SourceDate "2011.08.29"]
[SourceVersion "1"]
[SourceVersionDate "2011.08.29"]
[SourceQuality "1"]

1. d4 Nf6 2. c4 g6 3. Nc3 Bg7 4. e4 d6 5. f3 0-0 6. Be3 c5 7. Nge2 Nc6 8. dxc5 dxc5 9. Bxc5 b6 10. Be3 Ba6 11. b3 e6 12. Qxd8 Raxd8 13. Rd1 Nb4 14. Kf2 Rxd1 15. Nxd1 Nxa2 16. Nf4 Nb4 17. Be2 Nc2 18. Nd3 Nxe3 19. Nxe3 Nd7 20. Nc2 Rd8 21. Rd1 Ne5 22. Nxe5 Rxd1 23. Bxd1 Bxe5 24. Be2 Bb7 25. g3 Kf8 26. Ke3 Ke7 27. f4 Bb2 28. Bf3 Bc1+ 29. Kf2 f5 30. exf5 Bxf3 31. f6+ Kxf6 32. Kxf3 a5 33. Ke4 Bb2 34. Ne3 Ke7 35. Nd1 Bg7 36. Nf2 Kd6 37. Nd3 Bc3 38. g4 h6 39. h3 Bg7 40. h4 h5 41. f5 gxf5+ 42. gxf5 e5 43. Nb2 Bf6 44. Na4 Kc6 45. Nc3 Bxh4 46. Kxe5 Bd8 47. Ne4 h4 48. Kf4 b5 49. cxb5+ Kxb5 50. f6 Bxf6 51. Nxf6 Kb4 52. Ne4 Kxb3 53. Nc5+ Kb4 54. Nd3+ Kc4 55. Nb2+ Kb3 56. Nd3 Kc3 57. Nc5 Kc4 58. Na4 Kb5 59. Nb2 Kb4 1/2-1/2

[Event "Izhevsk Corporation Cup-A 3rd"]
[Site "Izhevsk"]
[Date "2011.07.21"]
[Round "6"]
[White "Mukhametgaleeva, Railia"]
[Black "Aseeva, Anastasia"]
[Result "1-0"]
[WhiteElo "1998"]
[BlackElo "1947"]
[PlyCount "103"]
[EventDate "2011.07.15"]
[EventType "swiss"]
[EventRounds "9"]
[EventCountry "RUS"]
[SourceTitle "CBM 143 Extra"]
[Source "ChessBase"]
[SourceDate "2011.08.29"]
[SourceVersion "1"]
[SourceVersionDate "2011.08.29"]
[SourceQuality "1"]

1. d4 d5 2. Nc3 Nf6 3. Bg5 e6 4. e4 dxe4 5. Nxe4 Be7 6. Bxf6 Bxf6 7. Nf3 Nd7 8. Bd3 0-0 9. Qe2 c5 10. Nxf6+ Nxf6 11. dxc5 Qa5+ 12. Nd2 Qxc5 13. Ne4 Nxe4 14. Qxe4 f5 15. Qe2 Qa5+ 16. c3 Kh8 17. f4 Bd7 18. 0-0 Rae8 19. Rfe1 Rf6 20. Qf2 Qd5 21. Rad1 Qxa2 22. Bxf5 Bc6 23. Be4 Bxe4 24. Rxe4 Qa5 25. Rd7 Qa1+ 26. Re1 Qa6 27. Qd4 Rg8 28. Rd6 Qa2 29. c4 Re8 30. Rd8 Rff8 31. Rd7 Rg8 32. Rxb7 Qa5 33. b4 Qd8 34. Qxd8 Rxd8 35. Rxa7 Rd4 36. Rc7 Rxf4 37. b5 Rb8 38. b6 h6 39. b7 Kh7 40. c5 e5 41. c6 Rff8 42. Rxe5 Kg6 43. Ree7 Rbd8 44. Rcd7 Rb8 45. Rxg7+ Kf6 46. Rg3 Rfe8 47. Rf3+ Kg6 48. Rb3 Re2 49. c7 Rf8 50. Rd1 Rff2 51. Rg3+ Kh7 52. Rd7+ 1-0

[Event "Samara Polugaevsky Memorial 1st"]
[Site "Samara"]
[Date "2011.07.12"]
[Round "8"]
[White "Sabaev, Evgueni"]
[Black "Mukhametgaleeva, Railia"]
[Result "1-0"]
[WhiteElo "2252"]
[BlackElo "1998"]
[PlyCount "49"]
[EventDate "2011.07.05"]
[EventType "swiss"]
[EventRounds "9"]
[EventCountry "RUS"]
[SourceTitle "CBM 143 Extra"]
[Source "ChessBase"]
[SourceDate "2011.08.29"]
[SourceVersion "1"]
[SourceVersionDate "2011.08.29"]
[SourceQuality "1"]

1. e4 c5 2. Nf3 Nf6 3. e5 Nd5 4. b3 e6 5. Bb2 Be7 6. Nc3 Nxc3 7. Bxc3 Nc6 8. Bd3 0-0 9. Qe2 f6 10. Qe4 g6 11. h4 fxe5 12. Nxe5 d5 13. Qe2 Nxe5 14. Bxe5 Bf6 15. g3 Bd7 16. 0-0 Bxe5 17. Qxe5 b5 18. c4 bxc4 19. bxc4 Rf3 20. Bc2 Qc8 21. Rae1 Qb7 22. h5 Rf5 23. Bxf5 gxf5 24. h6 Bc8 25. cxd5 1-0

[Event "Samara Polugaevsky Memorial 1st"]
[Site "Samara"]
[Date "2011.07.11"]
[Round "7"]
[White "Sorochan, Dmitry Vladimirovic"]
[Black "Mukhametgaleeva, Railia"]
[Result "1/2-1/2"]
[WhiteElo "2110"]
[BlackElo "1998"]
[PlyCount "89"]
[EventDate "2011.07.05"]
[EventType "swiss"]
[EventRounds "9"]
[EventCountry "RUS"]
[SourceTitle "CBM 143 Extra"]
[Source "ChessBase"]
[SourceDate "2011.08.29"]
[SourceVersion "1"]
[SourceVersionDate "2011.08.29"]
[SourceQuality "1"]

1. e4 e5 2. Nf3 Nc6 3. d4 exd4 4. Nxd4 Nf6 5. Nxc6 bxc6 6. Bd3 d5 7. e5 Ng4 8. 0-0 Qh4 9. Bf4 Bc5 10. Bg3 Qe7 11. h3 Nh6 12. Qh5 Be6 13. Nd2 Qd7 14. Rae1 Nf5 15. Bxf5 Bxf5 16. e6 Bxe6 17. Nb3 Bb6 18. c4 dxc4 19. Rd1 Qe7 20. Nd4 Bxd4 21. Rxd4 0-0 22. Re1 Qb4 23. Re3 Rad8 24. Rh4 h6 25. Bf4 Rd5 26. Qe2 Qe7 27. Rh5 Rxh5 28. Qxh5 Qf6 29. Bxc7 Qxb2 30. Rg3 Qb1+ 31. Kh2 Kh7 32. Qc5 Rc8 33. Be5 g6 34. Qxa7 Qf5 35. Bc3 Bd5 36. Qd4 Rg8 37. a4 Qe4 38. Qf6 Qe6 39. Qf4 Qf5 40. Qd4 Qe4 41. Qxe4 Bxe4 42. Re3 Bd5 43. a5 Ra8 44. h4 h5 45. Re7 1/2-1/2

[Event "Samara Polugaevsky Memorial 1st"]
[Site "Samara"]
[Date "2011.07.08"]
[Round "4"]
[White "Mukhametgaleeva, Railia"]
[Black "Pogorelskikh, Sergey"]
[Result "1-0"]
[WhiteElo "1998"]
[BlackElo "2296"]
[PlyCount "75"]
[EventDate "2011.07.05"]
[EventType "swiss"]
[EventRounds "9"]
[EventCountry "RUS"]
[SourceTitle "CBM 143 Extra"]
[Source "ChessBase"]
[SourceDate "2011.08.29"]
[SourceVersion "1"]
[SourceVersionDate "2011.08.29"]
[SourceQuality "1"]

1. e4 Nc6 2. Nf3 d6 3. d4 Nf6 4. Nc3 Bg4 5. d5 Nb8 6. h3 Bxf3 7. Qxf3 g6 8. Be3 Bg7 9. g4 c5 10. Bb5+ Nfd7 11. a4 Na6 12. Bxa6 bxa6 13. Nd1 Rb8 14. Bd2 e6 15. dxe6 fxe6 16. Qe2 0-0 17. h4 Ne5 18. f4 Nc6 19. c3 Na5 20. Ra3 c4 21. h5 Qd7 22. hxg6 hxg6 23. Be3 d5 24. e5 Nc6 25. Nf2 Rf7 26. Qc2 Ne7 27. Nh3 Bh6 28. Qf2 Kf8 29. Ng1 Bg7 30. Nf3 Ke8 31. Ng5 Rf8 32. Qc2 Rh8 33. Rxh8+ Bxh8 34. Bc5 Kd8 35. Nf7+ Kc7 36. Bd6+ Kb7 37. Bxb8 Nc6 38. Qxg6 1-0

[Event "Samara Polugaevsky Memorial 1st"]
[Site "Samara"]
[Date "2011.07.05"]
[Round "1"]
[White "Yaksin, Oleg"]
[Black "Mukhametgaleeva, Railia"]
[Result "1-0"]
[WhiteElo "2414"]
[BlackElo "1998"]
[PlyCount "75"]
[EventDate "2011.07.05"]
[EventType "swiss"]
[EventRounds "9"]
[EventCountry "RUS"]
[SourceTitle "CBM 143 Extra"]
[Source "ChessBase"]
[SourceDate "2011.08.29"]
[SourceVersion "1"]
[SourceVersionDate "2011.08.29"]
[SourceQuality "1"]

1. d4 Nf6 2. Nf3 g6 3. c4 Bg7 4. g3 d6 5. Bg2 0-0 6. 0-0 Nc6 7. Nc3 a6 8. Re1 Na5 9. Qd3 c5 10. e4 Nd7 11. Be3 Rb8 12. d5 b5 13. b3 bxc4 14. bxc4 Rb4 15. Rec1 Nxc4 16. a3 Nde5 17. Nxe5 Nxe5 18. Qe2 Rb3 19. Bd2 Rb2 20. Na4 Bg4 21. Qe3 Rb7 22. Bc3 Bd7 23. Nb2 Rxb2 24. Bxb2 Nf3+ 25. Bxf3 Bxb2 26. Rab1 Bxc1 27. Qxc1 Qc7 28. Be2 a5 29. Qb2 Ra8 30. Bc4 e5 31. Qb6 Qxb6 32. Rxb6 Ba4 33. Rxd6 Kf8 34. Rb6 Bc2 35. f3 Rc8 36. Kf2 f5 37. Ke3 g5 38. exf5 1-0

[Event "RUS-ch (Women) 1st League 61st"]
[Site "Ivanovo"]
[Date "2011.02.28"]
[Round "8"]
[White "Kabanova, Ekaterina"]
[Black "Mukhametgaleeva, Railia"]
[Result "1/2-1/2"]
[WhiteElo "2190"]
[BlackElo "1983"]
[PlyCount "166"]
[EventDate "2011.02.21"]
[EventType "swiss"]
[EventRounds "9"]
[EventCountry "RUS"]
[SourceTitle "CBM 141 Extra"]
[Source "ChessBase"]
[SourceDate "2011.05.03"]
[SourceVersion "1"]
[SourceVersionDate "2011.05.03"]
[SourceQuality "1"]

1. c4 e5 2. e3 Nf6 3. a3 d5 4. cxd5 Nxd5 5. Nf3 Nc6 6. Qc2 Be6 7. Bb5 Bd6 8. Bxc6+ bxc6 9. Qxc6+ Kf8 10. Nc3 Ne7 11. Qa4 f5 12. e4 Rb8 13. exf5 Nxf5 14. Qe4 Qf6 15. 0-0 Ne7 16. Re1 Bf5 17. Qe3 Nc6 18. Ne4 Qf7 19. Qc3 Qd5 20. Nxd6 cxd6 21. b4 Be4 22. Ng5 Bxg2 23. Qg3 h6 24. Qxg2 Qxg2+ 25. Kxg2 hxg5 26. Bb2 a5 27. Rac1 Ne7 28. Bc3 Nd5 29. Rb1 axb4 30. Bxb4 Nxb4 31. Rxb4 Rxb4 32. axb4 Rh4 33. Rb1 Ke7 34. b5 Kd7 35. b6 Kc8 36. b7+ Kb8 37. Kg3 Rf4 38. Rb3 Rd4 39. Rb2 Rf4 40. h3 Rh4 41. f3 Rf4 42. d3 Rh4 43. Rb3 Rd4 44. Kf2 Rh4 45. Rb6 Rxh3 46. Rxd6 Kxb7 47. Rg6 Kc7 48. Ke3 Rh6 49. Rxg5 Kd6 50. Rxg7 Kd5 51. Rd7+ Ke6 52. Ra7 Rh4 53. Ra6+ Kd5 54. Ra5+ Ke6 55. Rc5 Rh1 56. Rc8 Re1+ 57. Kf2 Rd1 58. Ke2 Rh1 59. Re8+ Kd5 60. Rf8 Rh4 61. Ke3 Ra4 62. Rg8 Ra1 63. Rg4 Re1+ 64. Kd2 Rf1 65. Ke2 Ra1 66. Re4 Ra2+ 67. Ke3 Rh2 68. f4 exf4+ 69. Rxf4 Rh3+ 70. Kd2 Rh1 71. Rf8 Kd4 72. Rd8+ Kc5 73. Ke3 Re1+ 74. Kf4 Rf1+ 75. Ke5 Re1+ 76. Kf6 Rf1+ 77. Ke6 Re1+ 78. Kd7 Re5 79. Rc8+ Kd4 80. Kd6 Rd5+ 81. Ke6 Re5+ 82. Kf6 Rd5 83. Ke6 Re5+ 1/2-1/2

[Event "Moscow op-F (Women)"]
[Site "Moscow"]
[Date "2011.02.05"]
[Round "8"]
[White "Saikhanzaya, Ganbaatar"]
[Black "Mukhametgaleeva, Railia"]
[Result "1/2-1/2"]
[WhiteElo "1704"]
[BlackElo "1983"]
[PlyCount "66"]
[EventDate "2011.01.29"]
[EventType "swiss"]
[EventRounds "9"]
[EventCountry "RUS"]
[SourceTitle "CBM 140 Extra"]
[Source "ChessBase"]
[SourceDate "2011.03.01"]
[SourceVersion "1"]
[SourceVersionDate "2011.03.01"]
[SourceQuality "1"]

1. d4 Nf6 2. c4 g6 3. Nc3 Bg7 4. Nf3 d6 5. e4 0-0 6. Be2 e5 7. 0-0 Nc6 8. d5 Ne7 9. Ne1 Nd7 10. Be3 f5 11. f3 a5 12. Nd3 Kh8 13. c5 Nf6 14. Qc2 h6 15. Ne1 fxe4 16. fxe4 Ng4 17. Bxg4 Rxf1+ 18. Kxf1 Bxg4 19. Nd3 c6 20. Kg1 cxd5 21. Nxd5 Nxd5 22. exd5 dxc5 23. Qxc5 Rc8 24. Qb5 Be2 25. Re1 Rc2 26. Nxe5 Bxe5 27. Rxe2 Rxe2 28. Qxe2 Qxd5 29. Bxh6 Qd4+ 30. Be3 Qxb2 31. Qxb2 Bxb2 32. a4 Kg7 33. Kf2 Be5 1/2-1/2

[Event "Moscow op-F (Women)"]
[Site "Moscow"]
[Date "2011.02.02"]
[Round "5"]
[White "Mukhametgaleeva, Railia"]
[Black "Sazonova, Elena"]
[Result "1/2-1/2"]
[WhiteElo "1983"]
[BlackElo "2162"]
[PlyCount "43"]
[EventDate "2011.01.29"]
[EventType "swiss"]
[EventRounds "9"]
[EventCountry "RUS"]
[SourceTitle "CBM 140 Extra"]
[Source "ChessBase"]
[SourceDate "2011.03.01"]
[SourceVersion "1"]
[SourceVersionDate "2011.03.01"]
[SourceQuality "1"]

1. e4 c5 2. Nf3 d6 3. d4 cxd4 4. Nxd4 Nf6 5. Nc3 a6 6. Bc4 e6 7. Bb3 Qc7 8. Be3 Nc6 9. Qe2 Be7 10. Rg1 Na5 11. g4 h6 12. h4 Nxb3 13. axb3 g6 14. Qd2 h5 15. Bg5 Nxg4 16. Ndb5 Qc5 17. b4 Qc6 18. Bxe7 Kxe7 19. Qg5+ Ke8 20. Qd2 Ke7 21. Qg5+ Ke8 22. Qd2 1/2-1/2

[Event "Tatarstan-ch op"]
[Site "Kazan"]
[Date "2009.08.25"]
[Round "6"]
[White "Mukhametgaleeva, Railia"]
[Black "Mirzanurov, Bulat"]
[Result "1-0"]
[WhiteElo "1857"]
[BlackElo "2312"]
[PlyCount "97"]
[EventDate "2009.08.20"]
[EventType "swiss"]
[EventRounds "9"]
[EventCountry "RUS"]
[SourceTitle "EXT 2010"]
[Source "ChessBase"]
[SourceDate "2010.11.25"]
[SourceVersion "1"]
[SourceVersionDate "2010.11.25"]
[SourceQuality "1"]

1. e4 c5 2. Nf3 a6 3. g3 Nc6 4. d4 cxd4 5. Nxd4 Qc7 6. Bg2 e6 7. Nc3 Nf6 8. Be3 Ne5 9. 0-0 Bc5 10. b3 Neg4 11. Na4 Nxe3 12. fxe3 Be7 13. c4 Qe5 14. Qc2 Ng4 15. Qe2 h5 16. Qf3 Bf6 17. Rad1 Qg5 18. Nc2 h4 19. gxh4 Rxh4 20. h3 Ne5 21. Qe2 Rxh3 22. Nb6 Qg3 23. Rf4 Bg5 24. Kf1 Bxf4 25. Bxh3 Qxh3+ 26. Qg2 Qh5 27. Ra1 Bxe3 28. Nxe3 Rb8 29. Rd1 Qf3+ 30. Qxf3 Nxf3 31. Ke2 Ne5 32. c5 d6 33. cxd6 Bd7 34. Rh1 Bb5+ 35. Nec4 Ng6 36. Ke3 f6 37. e5 f5 38. Rh7 Kf7 39. Kd4 Rd8 40. Na5 Rb8 41. a4 Bf1 42. d7 Nf8 43. Nxb7 Nxd7 44. Nd6+ Kg6 45. Nxd7 Rxb3 46. Nf8+ Kg5 47. Nxe6+ Kg4 48. Rxg7+ Kh3 49. Nf4+ 1-0

[Event "Tatarstan-ch op"]
[Site "Kazan"]
[Date "2009.08.24"]
[Round "5"]
[White "Toropov, Pavel"]
[Black "Mukhametgaleeva, Railia"]
[Result "1-0"]
[WhiteElo "2187"]
[BlackElo "1857"]
[PlyCount "168"]
[EventDate "2009.08.20"]
[EventType "swiss"]
[EventRounds "9"]
[EventCountry "RUS"]
[SourceTitle "EXT 2010"]
[Source "ChessBase"]
[SourceDate "2010.11.25"]
[SourceVersion "1"]
[SourceVersionDate "2010.11.25"]
[SourceQuality "1"]

1. a3 e5 2. c4 Nf6 3. Nc3 d5 4. cxd5 Nxd5 5. e4 Nf6 6. Nf3 Bg4 7. Qa4+ Bd7 8. Qb3 Bd6 9. Qxb7 Nc6 10. Qb3 0-0 11. d3 h6 12. Be2 Na5 13. Qc2 Be6 14. 0-0 Nb3 15. Rb1 Nxc1 16. Rfxc1 Rb8 17. d4 Bb3 18. Qd2 exd4 19. Nxd4 Re8 20. Nxb3 Rxb3 21. Qc2 Rb8 22. Rd1 Qe7 23. Bf3 Qe5 24. g3 h5 25. Bg2 h4 26. Qd3 Qh5 27. Qf3 hxg3 28. hxg3 Ng4 29. Rd5 Qh2+ 30. Kf1 Ne5 31. Qe2 Re6 32. Rbd1 Rf6 33. Rxe5 Bxe5 34. Nd5 Rd6 35. b4 g6 36. f4 Bh8 37. e5 Rxd5 38. Bxd5 Qxg3 39. Qf3 Qxf3+ 40. Bxf3 g5 41. Rd7 gxf4 42. Rxc7 a5 43. bxa5 Bxe5 44. Re7 Bd6 45. Rd7 Bxa3 46. a6 Rb1+ 47. Kg2 Bc5 48. a7 Rg1+ 49. Kh2 Bxa7 50. Rxa7 Rg6 51. Bd5 Rf6 52. Kg2 Kg7 53. Kf3 Rf5 54. Be4 Rf6 55. Ra5 Kf8 56. Bf5 Rc6 57. Kxf4 Rc4+ 58. Be4 Kg7 59. Ra6 Rc7 60. Bf5 Rc4+ 61. Kg5 Rc1 62. Ra2 Rg1+ 63. Kf4 Rf1+ 64. Ke5 Re1+ 65. Be4 Rg1 66. Rh2 Ra1 67. Rh7+ Kf8 68. Rh6 Ra5+ 69. Bd5 Kg7 70. Rb6 Ra1 71. Kd4 Rd1+ 72. Ke5 Rf1 73. Rb7 Rf6 74. Ra7 Rf2 75. Ra1 Rc2 76. Kd6 Rf2 77. Ra3 Rf6+ 78. Ke7 Rb6 79. Rg3+ Rg6 80. Rf3 f6 81. Bf7 Rh6 82. Rg3+ Kh7 83. Ke6 Rh2 84. Bg6+ Kh8 1-0

[Event "RUS-ch U16 Girls"]
[Site "Dagomys"]
[Date "2009.04.20"]
[Round "6"]
[White "Gorozhankina, Julia"]
[Black "Mukhametgaleeva, Railia"]
[Result "1-0"]
[WhiteElo "2080"]
[BlackElo "1836"]
[PlyCount "101"]
[EventDate "2009.04.15"]
[EventType "swiss"]
[EventRounds "9"]
[EventCountry "RUS"]
[SourceTitle "CBM 130 Extra"]
[Source "ChessBase"]
[SourceDate "2009.07.02"]
[SourceVersion "2"]
[SourceVersionDate "2009.07.15"]
[SourceQuality "1"]

1. e4 c5 2. Nf3 Nf6 3. e5 Nd5 4. b3 e6 5. Bb2 Be7 6. g3 0-0 7. Bg2 f6 8. c4 Nb4 9. d4 cxd4 10. 0-0 fxe5 11. Nxe5 d6 12. Nf3 e5 13. a3 N4c6 14. b4 Bg4 15. Nbd2 Nd7 16. Qb3 Kh8 17. Ne4 a5 18. Nfd2 Rc8 19. Rfc1 Be6 20. b5 Ncb8 21. a4 Nb6 22. Bf1 N8d7 23. Qd1 Nc5 24. Nxc5 Rxc5 25. Nb3 Rc8 26. Nxa5 Qd7 27. Bd3 Bg5 28. Rc2 Bg4 29. Qe1 Rce8 30. Be4 d5 31. cxd5 Nxd5 32. Bc1 Be7 33. Bd2 b6 34. Nc6 Bc5 35. Bb4 Nxb4 36. Nxb4 Bf3 37. Nd3 Bd6 38. Rc6 Qh3 39. Bxf3 Rxf3 40. Qe4 Rxd3 41. Qxd3 e4 42. Qxd4 Bc5 43. Rxc5 bxc5 44. Qxc5 h5 45. Re1 Qg4 46. a5 h4 47. Qe3 h3 48. b6 Qc8 49. Qc1 Qa8 50. Qa3 Re6 51. Re3 1-0

[Event "Asia-ch Children-D"]
[Site "Yakutsk"]
[Date "2008.07.07"]
[Round "3"]
[White "Mukhametgaleeva, Railia"]
[Black "Zaryvkina, Anastasia"]
[Result "0-1"]
[WhiteElo "1818"]
[BlackElo "2061"]
[PlyCount "104"]
[EventDate "2008.07.05"]
[EventType "swiss"]
[EventRounds "7"]
[EventCountry "RUS"]
[SourceTitle "EXT 2022"]
[Source "ChessBase"]
[SourceDate "2021.10.06"]
[SourceVersion "1"]
[SourceVersionDate "2021.10.06"]
[SourceQuality "1"]

1. e4 c5 2. Nf3 d6 3. d4 cxd4 4. Nxd4 Nf6 5. Nc3 a6 6. Bc4 e6 7. 0-0 Nbd7 8. Bg5 b5 9. Bb3 Bb7 10. Re1 Qa5 11. f4 b4 12. Bxf6 Nxf6 13. e5 Nd7 14. Na4 Nc5 15. Nxc5 dxc5 16. Nf3 c4 17. Bxc4 Qc5+ 18. Kh1 Qxc4 19. f5 Rd8 20. Qc1 Bxf3 21. gxf3 exf5 22. Qg5 Qe6 23. Rad1 Rxd1 24. Rxd1 f6 25. exf6 Qxf6 26. Qg3 Kf7 27. Qc7+ Be7 28. Re1 Rd8 29. Qc4+ Kf8 30. Qe2 Qg5 31. Qxa6 Qf6 32. Qe2 Re8 33. Qb5 g6 34. b3 Ra8 35. Qb7 Rd8 36. Qc7 Re8 37. Qc4 Qf7 38. Qd4 Qf6 39. Qc4 Ra8 40. Qc7 Rxa2 41. Qc8+ Kg7 42. Qc7 Ra1 43. Rxa1 Qxa1+ 44. Kg2 Qf6 45. Qc4 Qg5+ 46. Kh1 Qe3 47. Qc6 Bc5 48. Qd7+ Kh6 49. Qd1 Qf2 50. Qc1+ Be3 51. Qd1 Bf4 52. Qg1 Qxf3+ 0-1